000 00603nam a22002177a 4500
999 _c13956
_d13956
003 MIRAKIL
005 20200825121241.0
008 200825b tu ||||| |||| 00| 0 tur d
020 _a9753850573
040 _aTR-AnCHP
_btur
_cTR-AnCHP
041 _atur
082 _a823.34
_bL65d 1990
100 _aLondon, Jack
245 _aDoğu yakası/
_cJack London; çeviren Mustafa Şahin.
250 _a2 bs.
260 _aİstanbul:
_bOda yayınları,
_c1990.
300 _a253 s.:
_c20 sm.
650 0 _aAmerikan edebiyatı
_96078
_xRoman
700 _aŞahin, Mustafa
_96445
_eçev.
942 _2ddc
_cBKS